01022 2200325 4500001002100000005001500021035002000036007000300056008004100059020002200100040002200122082001600144084001800160090002200178100004200200245010600242250003500348300005700383500001100440700002600451850001200477504003400489651002100523264003400544336002100578337003000599338002300629999002200652990002200674INLIS00000000086473120210916020557 a0010-0921000481ta210916s2020 yoio gr 1 ind d a978-623-7212-62-1 aYOPDYOGbinderda04223a959.826 a959.826 EXS d aCB-D.11 2020-20220 aExsan Ali Setyonugrohod1993epenulis10aDasun :bjejak langkah dan visi kemajuannya /cpenulis, Exsan Ali Setyonugroho; penyunting, Dwi Cipta aCetakan pertama, Desember 2020 axxxvii, 370 halaman :bgambar, tabel, bagan ;c20 cm aIndeks0 aDwi Ciptaepenyunting aYOPDYOG aBibliografi : halaman 334-350 4aDasun--xSejarah31aBantul :bLintas Nalar,c2020 2rdacontentateks 2rdamediaatanpa perantara 2rdacarrieravolume aCB-D.11/2020-2022 aCB-D.11/2020-2022